15 fastest cars in the world - Statistics

General Stats
  • This quiz has been taken 8 times
  • The average score is 3 of 15
Answer Stats
Answer % Correct
Bugatti Chiron Super Sport
57%
Hennessey Venom GT
43%
Bugatti Veyron Super Sport
29%
Koenigsegg Agera R
29%
Koenigsegg Jesko Absolut
29%
Koenigsegg Regera
29%
SSC Tuatara
29%
Hennessey Venom F5
14%
Koenigsegg Agera RS
14%
Rimac Nevera
14%
9FF GT9
0%
Dauer 962 Le Mans
0%
Koenigsegg CCXR
0%
Mclaren Speedtail
0%
SSC Ultimate Aero TT
0%
No matching quizzes found
Score Distribution
Percent of People with Each Score
Percentile by Number Answered
Your Score History
You have not taken this quiz